| 000 | 005410000a22001810004500 | ||
|---|---|---|---|
| 005 | 20240229122910.0 | ||
| 008 | 230817t ||||| |||| 00| 0 eng d | ||
| 082 |
_a303.6 _bUNI |
||
| 110 | _aUniversity Teachers for Human Rights | ||
| 245 | _aThe trapped people among peace makers and war mongers | ||
| 260 |
_aJaffna: _bUTHR, _c1992 |
||
| 300 | _a62 p. | ||
| 490 | _aReport no.9 | ||
| 650 | _aETHNIC CONFLICT-Sri Lanka | ||
| 650 | _aConflict resolution-Sri Lanka | ||
| 856 | _uhttps://noolaham.net/project/40/3996/3996.pdf | ||
| 942 | _cRP | ||
| 999 |
_c2534 _d2534 |
||